000 00750nam a2200265Ia 4500
003 OSt
005 20221006144115.0
006 a|||||r|||| 00| 0
007 ta
008 221006b |||||||| |||| 00| 0 eng d
020 _c30.00
024 _a10,886
037 _cTextual
040 _aEASL
_cEASL
_beng
041 _2eng
_aeng
082 _aQ4.49B, K6
100 _aDUTT Sukumar
245 0 _aBuddhism in East Asia
_b An outline of Buddhism in the history and culture of othe peoples of East Asia
260 _aNew Delhi
_bIndian Council for Cultural Relations
_c1966
300 _axii,225p.
_ccm.
490 _v Gen
650 _aGen
942 _hQ4.49B, K6
_cTEXL
_2CC
999 _c1078972
_d1078972